• 首页
  • 本馆介绍
  • 公告通知
  • 最新文献
  • 馆藏检索
  • 电子资源
  • 读者导购
  • 参考咨询
  • 我的图书馆
  • 登录
  • 详细信息显示
  • 放入我的书架
  • 预约/预借图书
  • 作者相关作品
  • 分类相关作品
  • 丛书相关作品
  • 出版社相关作品

书目信息

  • 表格格式
  • 工作单格式
  • 卡片格式
题名:
城市环境生态学
    
 
作者: 帕里斯 著 ;魏合义 , 刘学军 译
分册:  
出版信息: 武汉   武汉大学出版社  2021
页数: 258页
开本: 24cm
丛书名:
单 册:
中图分类: X21
科图分类:
主题词: 城市环境--环境生态学
电子资源:
ISBN: 978-7-307-22606-7
000 01539nam0 2200277 450
001 2239559142
005 20220929105944.13
010    @a978-7-307-22606-7@dCNY49.00
100    @a20220113d2021 em y0chiy50 ea
101 1  @achi@ceng
102    @aCN@b420000
105    @aa z 000yy
200 1  @a城市环境生态学@9cheng shi huan jing sheng tai xue@dEcology of urban environments@f(澳)柯尔斯顿·M. 帕里斯著@g魏合义,刘学军译@zeng
210    @a武汉@c武汉大学出版社@d2021
215    @a258页@c图@d24cm
300    @a国家自然科学基金 江西师范大学教改课题 城市建设学院教学经费等资助
305    @a由John Wiley & Sons, Inc.公司授予
330    @a城市环境生态学作为城乡规划专业学生的必修课对其专业素养的形成至关重要。城市环境生态学作为生态学的分支,近些年国内对此研究才刚刚起步,国内相关理论研究较少,但是城镇化过程引起的城市污染、生物多样性丢失、孤岛化、破碎化以及物理环境的改变已经非常显著。因此,引入国际化教材具有重要的现实意义。本书系统研究种群和物种水平、群落以及生态系统对城镇化的响应。关注人类的城市生态学,保护城市中的生态多样性和维护生态系统服务。本教材能够弥补城乡规划专业课程设置中的城市环境生态学的空缺,有利于增强该专业的生态学素养和生态学思维,使规划不只是对空间和物质的规划,而是更多地关注对空间、物质和生命的协同与保护。
510 1  @aEcology of urban environments@zeng
606 0  @a城市环境@x环境生态学
690    @aX21@v5
701  0 @c(澳)@a帕里斯@9pa li si@c(Parris, Kirsten M.)@4著
702  0 @a魏合义@9wei he yi@4译
702  0 @a刘学军@9liu xue jun@4译
801  0 @aCN@b91MARC@c20220115
905    @aZUCC@dX21@e13
    
    城市环境生态学=Ecology of urban environments/(澳)柯尔斯顿·M. 帕里斯著/魏合义,刘学军译.-武汉:武汉大学出版社,2021
    258页:图;24cm
    国家自然科学基金 江西师范大学教改课题 城市建设学院教学经费等资助
    
    ISBN 978-7-307-22606-7:CNY49.00
    城市环境生态学作为城乡规划专业学生的必修课对其专业素养的形成至关重要。城市环境生态学作为生态学的分支,近些年国内对此研究才刚刚起步,国内相关理论研究较少,但是城镇化过程引起的城市污染、生物多样性丢失、孤岛化、破碎化以及物理环境的改变已经非常显著。因此,引入国际化教材具有重要的现实意义。本书系统研究种群和物种水平、群落以及生态系统对城镇化的响应。关注人类的城市生态学,保护城市中的生态多样性和维护生态系统服务。本教材能够弥补城乡规划专业课程设置中的城市环境生态学的空缺,有利于增强该专业的生态学素养和生态学思维,使规划不只是对空间和物质的规划,而是更多地关注对空间、物质和生命的协同与保护。
●
相关链接 在五车中查询图书 在当当中查询图书 在豆瓣中查询图书


正题名:城市环境生态学     索取号:X21/13         预约/预借

序号 登录号 条形码 馆藏地/架位号 状态 备注
1 2000906155   2000906155   第三书库/ [索取号:X21/13] 在馆    
2 2000906156   2000906156   第三书库/ [索取号:X21/13] 在馆    
3 2000906157   2000906157   第三书库/ [索取号:X21/13] 在馆    
山东省滨州职业学院图书馆 欢迎您!
大连网信软件有限公司© 版权所有